|
|
|
|
| LEADER |
00923nam a2200277 a 4500 |
| 001 |
000016567 |
| 003 |
CZ BrMZK |
| 005 |
20011221144915.0 |
| 007 |
ta |
| 008 |
950101s1994 xr f cze d |
| 020 |
|
|
|a 80-01-01203-4
|
| 040 |
|
|
|a BOA001
|b cze
|
| 080 |
|
|
|a 55(075.8)
|2 MRF
|
| 100 |
1 |
|
|a Schütznerová, Věnceslava,
|d 1925-
|7 jk01111196
|
| 245 |
1 |
0 |
|a Geologie :
|b [Určeno pro posl. fak. staveb.] /
|c Věnceslava Schütznerová, Jan Schröfel
|
| 250 |
|
|
|a 2. vyd.
|
| 260 |
|
|
|a Praha :
|b České vysoké učení technické,
|c 1994
|
| 300 |
|
|
|a 159 s. :
|b obr., tab., grafy, mp.
|
| 500 |
|
|
|a Bibliogr. s. 156-157
|
| 653 |
0 |
|
|a geologie
|
| 700 |
1 |
|
|a Schröfel, Jan,
|d 1943-
|7 ntka173946
|4 aut
|
| 910 |
|
|
|a BOA001
|b 4-1005.811
|
| 962 |
|
|
|a 55
|
| 964 |
|
|
|a Geologie
|x učebnice
|x školy vysoké
|
| 990 |
|
|
|a BK
|
| 996 |
7 |
|
|b 2610017274
|c 4-1005.811
|l MZK
|r Sklad / do 1 hodiny
|n 10
|p p.v.
|w 000016567
|u 000010
|a 1
|e BOA001
|j MZK50
|s A
|